Language Quiz

Random Language or State Quiz

U.S. States in Hebrew Quiz Stats

 Plays Quiz not verified by Sporcle

Also try: Ends in 'EL' (A-Z)
Challenge
Share
Tweet
Embed
Score 0/50 Timer 13:00
0 Plays Today
% Correct
Kansas
88.6%
California
85.7%
Colorado
85.7%
Georgia
85.7%
Louisiana
85.7%
Mississippi
82.9%
Nebraska
82.9%
Oklahoma
82.9%
Tennessee
82.9%
Vermont
82.9%
Wisconsin
82.9%
Alabama
80%
Arizona
80%
Arkansas
80%
Delaware
80%
Minnesota
80%
Missouri
80%
Montana
80%
New Mexico
80%
New York
80%
Ohio
80%
Oregon
80%
Pennsylvania
80%
West Virginia
80%
Florida
77.1%
% Correct
Idaho
77.1%
Iowa
77.1%
Maine
77.1%
Maryland
77.1%
Massachusetts
77.1%
Michigan
77.1%
Nevada
77.1%
New Jersey
77.1%
Rhode Island
77.1%
Texas
77.1%
Utah
77.1%
Wyoming
77.1%
Alaksa
74.3%
Illinois
74.3%
Indiana
74.3%
Kentucky
74.3%
New Hampshire
74.3%
Virginia
74.3%
North Carolina
71.4%
North Dakota
71.4%
Hawaii
68.6%
South Carolina
68.6%
Washington
68.6%
Connecticut
65.7%
South Dakota
62.9%

You're not logged in!

Compare scores with friends on all Sporcle quizzes.
OR
Log In

You Might Also Like...

Show Comments

Extras

Created Apr 27, 2017SourceReportNominate
Tags:State Quiz, hebrew

Top Quizzes Today


Score Distribution

Your Account Isn't Verified!

In order to create a playlist on Sporcle, you need to verify the email address you used during registration. Go to your Sporcle Settings to finish the process.

Report this User

Report this user for behavior that violates our Community Guidelines.

Details: